Top 5 Countries that produce ... #14 - Statistics

General Stats
  • This quiz has been taken 138 times
  • The average score is 25 of 30
Answer Stats
Answer % Correct
United States
99%
United States
99%
United States
99%
United States
99%
United States
99%
Canada
97%
Canada
97%
France
97%
China
95%
China
95%
Russia
94%
Russia
94%
Italy
93%
Mexico
92%
Mexico
92%
Mexico
92%
Spain
92%
United Kingdom
92%
Germany
86%
Poland
83%
Poland
83%
Poland
83%
Ukraine
78%
Turkey
72%
Turkey
72%
Chile
66%
Egypt
56%
Austria
46%
Serbia
31%
Azerbaijan
13%
No matching quizzes found
Score Distribution
Percent of People with Each Score
Percentile by Number Answered
Your Score History
You have not taken this quiz